乒乓球 - 中国男子球员 - Statistics

General Stats
  • This quiz has been taken 436 times
  • The average score is 8 of 14
Answer Stats
Hint Answer % Correct
六边形战士 马龙
94%
张继科
88%
小胖 樊振东
82%
双子星 刘国梁
73%
马大厨 马琳
73%
三个奥运单打银牌(千年老二) 王皓
73%
大头 王楚钦
72%
人民艺术家 许昕
71%
孔令辉
60%
小小胖 林诗栋
26%
大胖 梁靖昆
23%
方博
21%
92 line 周雨
14%
闫安
12%
No matching quizzes found
Score Distribution
Percent of People with Each Score
Percentile by Number Answered
Your Score History
You have not taken this quiz